[Event "LLWestMV2014-15"]
[Site "?"]
[Date "2014.12.07"]
[Round "4.5"]
[White "Philipp, Daniel"]
[Black "Goldbach, Aaron"]
[Result "0-1"]
[WhiteElo "1611"]
[BlackElo "1611"]
[PlyCount "50"]
[EventType "team-tourn"]
[EventRounds "9"]
[WhiteTeam "Putlitzer SV"]
[BlackTeam "SC Mecklenburger Springer"]

1. e4 c5 2. Nf3 e6 3. d4 cxd4 4. Nxd4 Nc6 5. Nxc6 bxc6 6. Bd3 Qc7 7. O-O d5 8.
Qe2 Bd6 9. g3 Ne7 10. Re1 Ng6 11. f4 O-O 12. e5 Be7 13. Be3 f6 14. Bxg6 hxg6
15. Bf2 Rb8 16. Nd2 fxe5 17. fxe5 Rxb2 18. Nb3 c5 19. Qd2 c4 20. Bd4 c3 21.
Bxc3 Bg5 22. Qxg5 Qxc3 23. Qxg6 Rxc2 24. Qg5 Rxa2 25. Rab1 Qf3 0-1

[Event "LLWestMV2014-15"]
[Site "?"]
[Date "2014.12.07"]
[Round "4.6"]
[White "Hopp, Peter"]
[Black "Gottschalk, Maik"]
[Result "1/2-1/2"]
[WhiteElo "1629"]
[BlackElo "1629"]
[PlyCount "48"]
[EventType "team-tourn"]
[EventRounds "9"]
[WhiteTeam "SC Mecklenburger Springer"]
[BlackTeam "Putlitzer SV"]

1. e4 d6 2. Nc3 g6 3. Nf3 Bg7 4. Bc4 Nf6 5. d4 O-O 6. Bg5 c6 7. a4 Bg4 8. Bb3
Nbd7 9. h3 Bxf3 10. Qxf3 e5 11. Bxf6 Qxf6 12. Qxf6 Bxf6 13. d5 Nc5 14. Bc4 Bg5
15. Rd1 Be7 16. O-O Nd7 17. b4 a6 18. dxc6 bxc6 19. b5 Nb6 20. Bb3 axb5 21.
axb5 cxb5 22. Nxb5 Rfd8 23. Ra1 Rxa1 24. Rxa1 Ra8 1/2-1/2

[Event "LLWestMV2014-15"]
[Site "?"]
[Date "2014.12.07"]
[Round "4.7"]
[White "Feige, Detlef"]
[Black "Kumbernuss, Torsten"]
[Result "1/2-1/2"]
[WhiteElo "1599"]
[BlackElo "1599"]
[PlyCount "41"]
[EventType "team-tourn"]
[EventRounds "9"]
[WhiteTeam "Putlitzer SV"]
[BlackTeam "SC Mecklenburger Springer"]

1. d4 d5 2. c4 dxc4 3. Nc3 Nf6 4. Nf3 e6 5. Bg5 Be7 6. e3 O-O 7. Bxc4 a6 8. O-O
Nbd7 9. Qe2 b5 10. Bb3 Bb7 11. Rfd1 Ne4 12. Bf4 Ndf6 13. Rac1 Bd6 14. Be5 Qe7
15. h3 Nd7 16. Bxd6 cxd6 17. Nxe4 Bxe4 18. Bc2 Nf6 19. Bxe4 Nxe4 20. Nd2 Nxd2
21. Qxd2 1/2-1/2

[Event "LLWestMV2014-15"]
[Site "?"]
[Date "2014.12.07"]
[Round "4.8"]
[White "Wittenburg, Philipp"]
[Black "Paetzke, Bernd"]
[Result "0-1"]
[WhiteElo "1507"]
[BlackElo "1507"]
[PlyCount "141"]
[EventType "team-tourn"]
[EventRounds "9"]
[WhiteTeam "SC Mecklenburger Springer"]
[BlackTeam "Putlitzer SV"]

1. d4 Nf6 2. Nf3 e6 3. g3 d5 4. Bg2 Be7 5. O-O Nbd7 6. Nbd2 O-O 7. c4 c6 8. Qc2
Re8 9. Ne5 Bd6 10. Ndf3 Ne4 11. Bf4 f6 12. Nd3 Bxf4 13. Nxf4 e5 14. dxe5 fxe5
15. Nd3 Nef6 16. cxd5 e4 17. dxc6 bxc6 18. Qxc6 Nb6 19. Nfe5 exd3 20. Nc4 dxe2
21. Rfe1 Rb8 22. Nxb6 Qxb6 23. Qc4+ Qe6 24. Qc7 Rxb2 25. Bc6 Re7 26. Qd8+ Kf7
27. Ba4 Bb7 28. Bb3 Rxb3 29. axb3 Qxb3 30. Rxa7 Qf3 31. Rxb7 Rxb7 32. Qa8 Ng4
33. Qa2+ Kf6 34. Rxe2 Rb1+ 35. Qxb1 Qxe2 36. Qb6+ Kf7 37. h3 Qe1+ 38. Kg2 Nf6
39. Qa7+ Kg6 40. Qb6 h6 41. Qa7 Qe4+ 42. Kg1 Qf3 43. Qb6 Kh7 44. Qb1+ Qe4 45.
Qb6 Nd5 46. Qc5 Qb1+ 47. Kg2 Qd1 48. Qc8 Qd3 49. Qc5 Nc3 50. Qe5 Qe4+ 51. Qxe4+
Nxe4 52. f3 Nd6 53. h4 Kg6 54. g4 Kf6 55. Kg3 Ke5 56. f4+ Ke4 57. h5 Nf7 58. g5
hxg5 59. fxg5 Nxg5 60. Kg4 Nf7 61. Kg3 Kf5 62. Kh4 Nh6 63. Kg3 Kg5 64. Kh3 Kxh5
65. Kg3 Nf5+ 66. Kg2 Kg4 67. Kh2 Kf3 68. Kg1 g5 69. Kf1 g4 70. Kg1 Kg3 71. Kh1
0-1

[Event "LLWestMV2014-15"]
[Site "?"]
[Date "2014.12.07"]
[Round "4.1"]
[White "Martens, Rolf-Dieter"]
[Black "Borchert, Chris"]
[Result "1/2-1/2"]
[WhiteElo "1871"]
[BlackElo "1871"]
[PlyCount "33"]
[EventType "team-tourn"]
[EventRounds "9"]
[WhiteTeam "SV Einheit Schwerin"]
[BlackTeam "SV Malchower Schachinsel"]

1. e4 c6 2. d4 d5 3. Nc3 dxe4 4. Nxe4 Nd7 5. Nf3 Ngf6 6. Ng3 e6 7. Bd3 Bd6 8.
Qe2 O-O 9. O-O Qc7 10. Re1 h6 11. Ne5 b5 12. Bd2 c5 13. Nxd7 Bxd7 14. dxc5 Bxg3
15. hxg3 Qxc5 16. Be3 Qe5 17. Bf4 1/2-1/2

[Event "LLWestMV2014-15"]
[Site "?"]
[Date "2014.12.07"]
[Round "4.2"]
[White "Arning, Norbert"]
[Black "Fleischer, Matthias"]
[Result "1-0"]
[WhiteElo "1939"]
[BlackElo "1719"]
[PlyCount "99"]
[EventType "team-tourn"]
[EventRounds "9"]
[WhiteTeam "SV Malchower Schachinsel"]
[BlackTeam "SV Einheit Schwerin"]

1. e4 d5 2. exd5 Nf6 3. Bb5+ Bd7 4. Bc4 b5 5. Bb3 a5 6. a4 bxa4 7. Bxa4 Bxa4 8.
Rxa4 Qxd5 9. Qf3 e6 10. Nc3 Qxf3 11. Nxf3 Bd6 12. O-O O-O 13. Nb5 Nbd7 14. b3
Nb6 15. Ra1 Nbd5 16. Ba3 Bxa3 17. Rxa3 c6 18. Nbd4 c5 19. Nb5 Rfb8 20. c4 Nb4
21. d4 Nc2 22. Ra2 Nxd4 23. Nfxd4 cxd4 24. Nxd4 e5 25. Nb5 Rd8 26. f3 Rd3 27.
b4 a4 28. Rfa1 g5 29. Rxa4 Rd1+ 30. Rxd1 Rxa4 31. Rb1 Kf8 32. Nc3 Ra8 33. Ne4
Nxe4 34. fxe4 Ke7 35. c5 Kd7 36. b5 Rb8 37. Kf2 h5 38. Ke2 Kc7 39. Ke3 Kb7 40.
Rf1 Rf8 41. Rf6 g4 42. g3 Kc7 43. Kd3 Rd8+ 44. Kc3 Rd7 45. b6+ Kb8 46. Kb4 Rd4+
47. Kb5 Rd3 48. Rxf7 Rb3+ 49. Kc6 Rf3 50. Re7 1-0

[Event "LLWestMV2014-15"]
[Site "?"]
[Date "2014.12.07"]
[Round "4.3"]
[White "Krieg, Peter"]
[Black "Schmidt, Joerg"]
[Result "1/2-1/2"]
[WhiteElo "1713"]
[BlackElo "1917"]
[PlyCount "73"]
[EventType "team-tourn"]
[EventRounds "9"]
[WhiteTeam "SV Einheit Schwerin"]
[BlackTeam "SV Malchower Schachinsel"]

1. e4 a6 2. g3 b5 3. Bg2 Bb7 4. Ne2 e6 5. O-O Nf6 6. d3 c5 7. Nd2 Nc6 8. Nf4
Be7 9. b3 O-O 10. Bb2 d6 11. Nh5 e5 12. f4 g6 13. Nxf6+ Bxf6 14. f5 Bg5 15. Nf3
Be3+ 16. Kh1 f6 17. Qe2 Bh6 18. fxg6 hxg6 19. Nh4 Kh7 20. c3 Qd7 21. Rf2 Rf7
22. Qf1 Raf8 23. Bh3 Qe7 24. Bf5 Rg8 25. Qh3 gxf5 26. Nxf5 Qf8 27. Bc1 Rg6 28.
Nh4 Bc8 29. Nxg6 Bxh3 30. Nxf8+ Rxf8 31. Bxh6 Kxh6 32. Rg1 Ne7 33. g4 Kg5 34.
Rg3 Rh8 35. Kg1 Rh4 36. Rff3 Rxg4 37. Kf2 1/2-1/2

[Event "LLWestMV2014-15"]
[Site "?"]
[Date "2014.12.07"]
[Round "4.4"]
[White "Kuehn, Peter"]
[Black "Fleischer, Martin"]
[Result "1/2-1/2"]
[WhiteElo "1835"]
[BlackElo "1655"]
[PlyCount "114"]
[EventType "team-tourn"]
[EventRounds "9"]
[WhiteTeam "SV Malchower Schachinsel"]
[BlackTeam "SV Einheit Schwerin"]

1. e4 e6 2. d4 d5 3. Nd2 Nd7 4. Ngf3 Be7 5. Bd3 dxe4 6. Nxe4 Ngf6 7. Nxf6+ Nxf6
8. O-O a6 9. Qe2 h6 10. Rd1 c6 11. c3 Qc7 12. Ne5 Bd6 13. Bf4 O-O 14. Bg3 b5
15. Rac1 Bd7 16. c4 Bxe5 17. dxe5 Ne8 18. h4 Qb7 19. c5 Bc8 20. Qe4 f5 21. exf6
Nxf6 22. Qg6 Qf7 23. Bd6 Rd8 24. Bb1 Bd7 25. Bc7 Rdc8 26. Bd6 Qxg6 27. Bxg6 Be8
28. Bb1 Nd5 29. Re1 Bf7 30. g4 Re8 31. g5 hxg5 32. hxg5 Ne7 33. Bxe7 Rxe7 34.
Rcd1 e5 35. Rd6 Bd5 36. Be4 Bxe4 37. Rxe4 Rc8 38. f4 Rce8 39. Rxc6 exf4 40.
Rxe7 Rxe7 41. g6 Kf8 42. Rxa6 Re2 43. b3 Ke7 44. Ra7+ Kf6 45. Rf7+ Kxg6 46.
Rxf4 Rxa2 47. Rb4 Ra5 48. Rd4 b4 49. Rc4 Rb5 50. c6 Rb8 51. c7 Rc8 52. Kg2 Kf6
53. Kf3 Ke5 54. Kg4 Kd6 55. Rxb4 Rxc7 56. Rd4+ Kc6 57. Rc4+ Kb6 1/2-1/2

[Event "LLWestMV2014-15"]
[Site "?"]
[Date "2014.12.07"]
[Round "4.5"]
[White "Thiel, Bernd-Peter"]
[Black "Hertel-Mach, Frank"]
[Result "0-1"]
[WhiteElo "1636"]
[BlackElo "1806"]
[PlyCount "140"]
[EventType "team-tourn"]
[EventRounds "9"]
[WhiteTeam "SV Einheit Schwerin"]
[BlackTeam "SV Malchower Schachinsel"]

1. f4 Nf6 2. Nf3 d5 3. e3 e6 4. b3 Bd6 5. Bb2 c5 6. Be2 Nc6 7. Bb5 Bd7 8. Bxc6
Bxc6 9. O-O O-O 10. Ne5 Nd7 11. Nxc6 bxc6 12. d3 Qe7 13. e4 e5 14. f5 Nf6 15.
Nd2 Rad8 16. Qf3 a5 17. g4 h6 18. h4 Nh7 19. Qg3 Bb8 20. Nf3 f6 21. Bc1 Rd7 22.
a4 Rfd8 23. g5 Kh8 24. Bd2 dxe4 25. dxe4 Rxd2 26. Nxd2 Rxd2 27. g6 Nf8 28. Rad1
Rd4 29. c3 Rxe4 30. Qd3 Rg4+ 31. Kh1 Bc7 32. Qh3 h5 33. Rg1 Rf4 34. Rgf1 e4 35.
Rxf4 Bxf4 36. Kg2 Nd7 37. Re1 Qe5 38. Rd1 Nf8 39. Rd8 Kg8 40. Kf1 e3 41. Qf3
Qxf5 42. Qxc6 Qb1+ 43. Kg2 Qxg6+ 44. Kf1 Qg3 45. Qd5+ Kh7 46. Qxh5+ Bh6 47.
Qf5+ Ng6 48. h5 Qf4+ 49. Qxf4 Nxf4 50. b4 axb4 51. cxb4 cxb4 52. a5 Nxh5 53. a6
Ng3+ 54. Ke1 b3 55. a7 Bf4 56. a8=Q b2 57. Rh8+ Kg6 58. Qe8+ Kg5 59. Qb5+ Be5
60. Qb3 b1=Q+ 61. Qxb1 Bc3+ 62. Kd1 e2+ 63. Kc2 e1=Q 64. Qb5+ f5 65. Rd8 Bf6
66. Rd3 Ne4 67. Qc4 Qf2+ 68. Kd1 Qb6 69. Ke2 Qb2+ 70. Ke1 Bc3+ 0-1

[Event "LLWestMV2014-15"]
[Site "?"]
[Date "2014.12.07"]
[Round "4.6"]
[White "Fechner, Henrik"]
[Black "Moews, Harald"]
[Result "1-0"]
[WhiteElo "1775"]
[BlackElo "1550"]
[PlyCount "105"]
[EventType "team-tourn"]
[EventRounds "9"]
[WhiteTeam "SV Malchower Schachinsel"]
[BlackTeam "SV Einheit Schwerin"]

1. d4 e6 2. c4 a6 3. Nc3 d6 4. e4 Be7 5. Nf3 Nd7 6. Be2 b6 7. O-O Bb7 8. d5 e5
9. Ne1 c5 10. dxc6 Bxc6 11. Nd5 Ngf6 12. f3 h6 13. Be3 O-O 14. Nc2 Nxd5 15.
cxd5 Bb7 16. Nb4 a5 17. Nc6 Qe8 18. Bb5 Ba6 19. Bxa6 Rxa6 20. Qe2 Ra8 21. Qb5
Bd8 22. Rfc1 f5 23. Nxd8 Qxd8 24. Rc6 Nc5 25. Qxb6 Qxb6 26. Rxb6 fxe4 27. Bxc5
dxc5 28. fxe4 Rab8 29. Rxb8 Rxb8 30. b3 Rb4 31. Rc1 a4 32. Rc4 axb3 33. Rxb4
cxb4 34. axb3 Kf7 35. Kf2 Ke7 36. Ke3 Kd6 37. Kd3 Kc5 38. g3 g6 39. h3 g5 40.
g4 Kb5 41. d6 Kc6 42. Kc4 Kxd6 43. Kxb4 Kc6 44. Kc4 Kd6 45. b4 Kc6 46. b5+ Kb6
47. Kb4 Kb7 48. Kc5 Kc7 49. b6+ Kb7 50. Kb5 Kb8 51. Kc6 Kc8 52. b7+ Kb8 53. Kb6
1-0

[Event "LLWestMV2014-15"]
[Site "?"]
[Date "2014.12.07"]
[Round "4.7"]
[White "Suhr, Reinhard"]
[Black "Wahrmann, Eric"]
[Result "1/2-1/2"]
[WhiteElo "1517"]
[BlackElo "1481"]
[PlyCount "80"]
[EventType "team-tourn"]
[EventRounds "9"]
[WhiteTeam "SV Einheit Schwerin"]
[BlackTeam "SV Malchower Schachinsel"]

1. e4 c5 2. Nc3 d6 3. Nf3 Nd7 4. d4 cxd4 5. Nxd4 Ngf6 6. Bd3 e6 7. O-O Be7 8.
Be3 O-O 9. f4 a6 10. Nf3 Qc7 11. Qe1 Nc5 12. h3 b5 13. a3 Bb7 14. Bd2 Rfd8 15.
Ng5 h6 16. Nf3 Rac8 17. Qe2 Qd7 18. Rae1 d5 19. e5 Nfe4 20. Kh2 Nxd3 21. cxd3
Nxd2 22. Qxd2 b4 23. axb4 Bxb4 24. d4 Rc6 25. Qe3 Rdc8 26. Rc1 Bxc3 27. Rxc3
Rxc3 28. bxc3 a5 29. Ra1 a4 30. Ra3 Ba6 31. Qc1 $11 Bb5 32. Nd2 Qc6 33. Qc2 Qb6
34. Qb2 Qc6 35. Qb4 Qd7 36. Ra1 Rc7 37. Qa3 Qc8 38. Rc1 Bd7 39. Rc2 Ra7 40. Rb2
Rb7 1/2-1/2

[Event "LLWestMV2014-15"]
[Site "?"]
[Date "2014.12.07"]
[Round "4.8"]
[White "Tamrazyan, Gohar"]
[Black "Bartusch, Klaus"]
[Result "0-1"]
[WhiteElo "1424"]
[BlackElo "1576"]
[PlyCount "94"]
[EventType "team-tourn"]
[EventRounds "9"]
[WhiteTeam "SV Malchower Schachinsel"]
[BlackTeam "SV Einheit Schwerin"]

1. d4 d5 2. c3 Nf6 3. Bg5 Nbd7 4. Nd2 e6 5. e3 Be7 6. Bd3 O-O 7. Ngf3 c5 8. O-O
c4 9. Be2 h6 10. Bh4 b5 11. b3 Re8 12. bxc4 bxc4 13. Qa4 Nb6 14. Qc2 Bd7 15. a4
Bc6 16. Ne5 Qc7 17. Bg3 Bd6 18. Ndf3 Ne4 19. Nxc6 Qxc6 20. Bxd6 Qxd6 21. Ne5
Rf8 22. Rab1 Qa3 23. Rfc1 Qxa4 24. f3 Qxc2 25. Rxc2 Nd6 26. Nc6 Kh8 27. Nxa7
Rxa7 28. Rxb6 Ra1+ 29. Kf2 Nf5 30. e4 Ne7 31. exd5 exd5 32. f4 Rd8 33. Rb7 Re8
34. Bf3 Kg8 35. Rd7 Ra5 36. Re2 Kf8 37. Re5 Ra3 38. Re3 Ra5 39. g4 g6 40. h4
Rb5 41. h5 gxh5 42. gxh5 Rb2+ 43. Kg3 Nf5+ 44. Kh3 Rxe3 45. Rxd5 Rxf3+ 46. Kg4
Ne3+ 47. Kxf3 Nxd5 0-1

[Event "LLWestMV2014-15"]
[Site "?"]
[Date "2015.01.18"]
[Round "5.1"]
[White "Montag, Ralf"]
[Black "Martens, Rolf-Dieter"]
[Result "1-0"]
[WhiteElo "1937"]
[BlackElo "1871"]
[PlyCount "63"]
[EventType "team-tourn"]
[EventRounds "9"]
[WhiteTeam "Volley-Tigers Ludwigslust 2000"]
[BlackTeam "SV Einheit Schwerin"]

1. e4 c5 2. Nc3 d6 3. d3 Nc6 4. g3 g6 5. Be3 Bg7 6. Qd2 e6 7. Bg2 h5 8. Nge2
Nge7 9. h3 a6 10. O-O O-O 11. Bh6 b5 12. Bxg7 Kxg7 13. f4 b4 14. Nd1 f5 15. Ne3
Rb8 16. g4 hxg4 17. hxg4 Bb7 18. Ng3 Bc8 19. c3 Qb6 20. exf5 exf5 21. gxf5 gxf5
22. Ngxf5+ Bxf5 23. Nxf5+ Rxf5 24. Be4 Rf6 25. Qg2+ Ng6 26. c4 Nce5 27. Rae1
Rbf8 28. Rf2 Qd8 29. Qg4 Rh8 30. Rg2 Rh4 31. Qg5 Rh5 32. Qxh5 1-0

[Event "LLWestMV2014-15"]
[Site "?"]
[Date "2015.01.18"]
[Round "5.2"]
[White "Hess, Bernd"]
[Black "Wiemer, Juergen"]
[Result "1/2-1/2"]
[WhiteElo "1743"]
[BlackElo "1916"]
[PlyCount "127"]
[EventType "team-tourn"]
[EventRounds "9"]
[WhiteTeam "SV Einheit Schwerin"]
[BlackTeam "Volley-Tigers Ludwigslust 2000"]

1. d4 Nf6 2. Nf3 e6 3. c4 b6 4. e3 Bb7 5. Nc3 Ne4 6. Be2 f5 7. O-O Be7 8. d5
Nxc3 9. bxc3 Bf6 10. Bb2 e5 11. a4 d6 12. Qc2 g6 13. a5 O-O 14. axb6 cxb6 15.
Ra2 Rf7 16. Rfa1 Bc8 17. Qb3 Qc7 18. Ba3 Nd7 19. Qb5 Nc5 20. Bxc5 bxc5 21. Qb3
Rb8 22. Qc2 Qb6 23. Nd2 Rfb7 24. g3 Qc7 25. Kg2 Qd7 26. h3 h5 27. h4 Qe7 28.
Rh1 e4 29. Nb1 a6 30. Nd2 Rb6 31. Rb1 Kg7 32. Rxb6 Rxb6 33. Rb2 Qb7 34. Rxb6
Qxb6 35. Nb1 Bd7 36. Qa2 Kf7 37. Bd1 Ke7 38. Kf1 a5 39. Ke2 g5 40. hxg5 Bxg5
41. Na3 h4 42. gxh4 Bxh4 43. Qb3 Qxb3 44. Bxb3 a4 45. Bc2 Bf6 46. Nb1 Be5 47.
f3 exf3+ 48. Kxf3 Kf6 49. Bd1 Kg5 50. Bc2 f4 51. exf4+ Bxf4 52. Na3 Be5 53. Nb5
Bxb5 54. cxb5 a3 55. Bb3 Bxc3 56. b6 Ba5 57. b7 Bc7 58. Ke4 Kf6 59. Bc4 Bb8 60.
Ba2 Kg5 61. Bb3 Kg4 62. Bc4 Kg3 63. Ke3 Ba7 64. Ba2 1/2-1/2

[Event "LLWestMV2014-15"]
[Site "?"]
[Date "2015.01.18"]
[Round "5.3"]
[White "Illgen, Alexander"]
[Black "Fleischer, Matthias"]
[Result "0-1"]
[WhiteElo "1898"]
[BlackElo "1719"]
[PlyCount "74"]
[EventType "team-tourn"]
[EventRounds "9"]
[WhiteTeam "Volley-Tigers Ludwigslust 2000"]
[BlackTeam "SV Einheit Schwerin"]

1. d4 Nf6 2. Nf3 g6 3. c4 Bg7 4. Nc3 O-O 5. e4 d6 6. Be2 c5 7. dxc5 Qa5 8. O-O
Qxc5 9. Be3 Qa5 10. Qc2 Nc6 11. a3 Bg4 12. Nd5 Qd8 13. Rac1 Rc8 14. Nxf6+ Bxf6
15. Rfd1 Qa5 16. h3 Bxf3 17. Bxf3 Ne5 18. Be2 Kg7 19. Qb3 Rc7 20. f4 Nd7 21.
Rd5 Nc5 22. Bxc5 Rxc5 23. Kh2 Rxd5 24. exd5 Qd2 25. Rc2 Qxf4+ 26. Qg3 Qd4 27.
Qf3 Qb6 28. b3 Qd4 29. g3 Qa1 30. a4 Bd4 31. Bd1 e5 32. Rg2 f5 33. Bc2 e4 34.
Qe2 Be5 35. Rg1 Qc3 36. Bd1 f4 37. gxf4 Bxf4+ 0-1

[Event "LLWestMV2014-15"]
[Site "?"]
[Date "2015.01.18"]
[Round "5.4"]
[White "Fleischer, Martin"]
[Black "Krueger, Horst"]
[Result "0-1"]
[WhiteElo "1655"]
[BlackElo "1897"]
[PlyCount "88"]
[EventType "team-tourn"]
[EventRounds "9"]
[WhiteTeam "SV Einheit Schwerin"]
[BlackTeam "Volley-Tigers Ludwigslust 2000"]

1. e4 c5 2. Nf3 d6 3. d4 cxd4 4. Nxd4 g6 5. c3 Nf6 6. Bd3 Bg7 7. Nd2 O-O 8. O-O
Nc6 9. Nxc6 bxc6 10. Nf3 Rb8 11. Rb1 Qa5 12. a3 c5 13. e5 dxe5 14. Nxe5 Bb7 15.
Ng4 Rfd8 16. Nxf6+ Bxf6 17. Qe2 Qc7 18. g3 Rd7 19. Bf4 Qc6 20. f3 e5 21. Bb5
Ba6 22. Bxc6 Bxe2 23. Bxd7 Bxf1 24. Be3 Bd3 25. Rd1 c4 26. Rd2 a6 27. Bh3 Be7
28. Bf1 Bxf1 29. Kxf1 Rd8 30. Ke2 f5 31. Rxd8+ Bxd8 32. Bc5 Kf7 33. Ke3 Ke6 34.
a4 Kd5 35. Ba7 g5 36. f4 exf4+ 37. gxf4 g4 38. Bd4 Be7 39. Bg7 Bc5+ 40. Ke2 Ke4
41. Be5 Be3 42. b4 cxb3 43. c4 Bxf4 44. Bb2 Bxh2 0-1

[Event "LLWestMV2014-15"]
[Site "?"]
[Date "2015.01.18"]
[Round "5.5"]
[White "Hilpert, Andreas"]
[Black "Thiel, Bernd-Peter"]
[Result "0-1"]
[WhiteElo "1835"]
[BlackElo "1636"]
[PlyCount "78"]
[EventType "team-tourn"]
[EventRounds "9"]
[WhiteTeam "Volley-Tigers Ludwigslust 2000"]
[BlackTeam "SV Einheit Schwerin"]

1. d4 f5 2. Bf4 d6 3. Nc3 g6 4. h4 Nf6 5. e3 Bg7 6. Be2 h6 7. Nh3 O-O 8. Qd2 c6
9. e4 Kh7 10. e5 dxe5 11. Bxe5 Nd5 12. Bxg7 Kxg7 13. h5 g5 14. Nxd5 Qxd5 15. c4
Qf7 16. O-O-O b5 17. Qc3 Ba6 18. g4 f4 19. Rhe1 bxc4 20. Bf3 Bb5 21. Re5 Nd7
22. Rf5 Nf6 23. d5 Rac8 24. Qe5 Rfd8 25. Re1 Rd7 26. Be4 cxd5 27. Rxg5+ hxg5
28. Nxg5 Qf8 29. Ne6+ Kh8 30. Bf5 c3 31. bxc3 d4 32. g5 Rxc3+ 33. Kb2 Rd5 34.
Qxf4 Rxf5 35. Qxf5 Bd3 36. Qe5 Rc2+ 37. Ka1 Qc8 38. Nc7 Rxc7 39. gxf6 Rc1+ 0-1

[Event "LLWestMV2014-15"]
[Site "?"]
[Date "2015.01.18"]
[Round "5.6"]
[White "Moews, Harald"]
[Black "Tuchtenhagen, Harald"]
[Result "1/2-1/2"]
[WhiteElo "1550"]
[BlackElo "1797"]
[PlyCount "106"]
[EventType "team-tourn"]
[EventRounds "9"]
[WhiteTeam "SV Einheit Schwerin"]
[BlackTeam "Volley-Tigers Ludwigslust 2000"]

1. e4 e5 2. c4 Nf6 3. Nc3 Bc5 4. d3 d6 5. Be2 O-O 6. Nf3 Ng4 7. O-O c6 8. h3
Nh6 9. g4 Kh8 10. Bg5 f6 11. Bh4 Nf7 12. Qd2 Na6 13. a3 Nc7 14. b4 Bb6 15. a4
Ne6 16. Bg3 Nfg5 17. Kg2 Nxf3 18. Bxf3 Nd4 19. Bd1 g5 20. a5 Bc7 21. f3 a6 22.
Bf2 Ne6 23. Be3 b6 24. axb6 Bxb6 25. Ne2 Bxe3 26. Qxe3 Rb8 27. Ba4 Qb6 28. Qxb6
Rxb6 29. Rfb1 Bd7 30. Rb2 Rfb8 31. Rab1 a5 32. b5 Nc5 33. Bc2 cxb5 34. d4 Ne6
35. dxe5 dxe5 36. Ba4 Nc5 37. Bxb5 a4 38. Nc3 Kg7 39. Rd2 Be6 40. Nd5 Bxd5 41.
exd5 Nb7 42. Ra1 Nd6 43. Rxa4 Nxb5 44. cxb5 Rxb5 45. d6 Rb2 46. Ra7+ Kg6 47.
Rxb2 Rxb2+ 48. Kg3 Rd2 49. d7 f5 50. gxf5+ Kxf5 51. d8=Q Rxd8 52. Rxh7 Rd4 53.
Rh8 Ra4 1/2-1/2

[Event "LLWestMV2014-15"]
[Site "?"]
[Date "2015.01.18"]
[Round "5.7"]
[White "Mitscherling, Reinhard"]
[Black "Merz, Norbert"]
[Result "1/2-1/2"]
[WhiteElo "1791"]
[BlackElo "1747"]
[PlyCount "25"]
[EventType "team-tourn"]
[EventRounds "9"]
[WhiteTeam "Volley-Tigers Ludwigslust 2000"]
[BlackTeam "SV Einheit Schwerin"]

1. c4 e6 2. Nc3 Nf6 3. d4 c5 4. Nf3 a6 5. Bg5 cxd4 6. Nxd4 Be7 7. Rc1 Nc6 8. e3
h6 9. Bh4 Qa5 10. Bd3 Qh5 11. Qxh5 Nxh5 12. Bxe7 Kxe7 13. Nxc6+ 1/2-1/2

[Event "LLWestMV2014-15"]
[Site "?"]
[Date "2015.01.18"]
[Round "5.8"]
[White "Suhr, Reinhard"]
[Black "Emmrich, Olaf"]
[Result "0-1"]
[WhiteElo "1517"]
[BlackElo "1785"]
[PlyCount "62"]
[EventType "team-tourn"]
[EventRounds "9"]
[WhiteTeam "SV Einheit Schwerin"]
[BlackTeam "Volley-Tigers Ludwigslust 2000"]

1. e4 d6 2. d4 Nf6 3. Nc3 c6 4. Nf3 g6 5. Be3 Bg7 6. Bd3 Ng4 7. Qe2 Nxe3 8.
Qxe3 Qb6 9. Rb1 Bg4 10. Ne2 Bxf3 11. gxf3 Nd7 12. c3 e5 13. O-O O-O 14. Bc4
Rad8 15. Rfd1 Nf6 16. Bb3 Rfe8 17. Qd3 exd4 18. cxd4 d5 19. e5 Nh5 20. f4 f5
21. Qf3 Bh6 22. Nc3 Nxf4 23. Bc2 Qc7 24. Ne2 Nxe2+ 25. Qxe2 c5 26. Bb3 cxd4 27.
Rxd4 Rxe5 28. Qd3 Kf8 29. Rd1 Qe7 30. Qc3 Bg7 31. Rxd5 Rexd5 0-1

[Event "LLWestMV2014-15"]
[Site "?"]
[Date "2015.01.18"]
[Round "5.1"]
[White "Arning, Norbert"]
[Black "Mueller, Axel"]
[Result "1/2-1/2"]
[WhiteElo "1939"]
[BlackElo "1929"]
[PlyCount "79"]
[EventType "team-tourn"]
[EventRounds "9"]
[WhiteTeam "SV Malchower Schachinsel"]
[BlackTeam "Putlitzer SV"]

1. e4 g6 2. d4 Bg7 3. f4 c5 4. c3 cxd4 5. cxd4 Qb6 6. Nf3 d6 7. e5 Bg4 8. Nc3
a6 9. Bd2 Nh6 10. h3 Be6 11. g4 Qd8 12. Qc1 Ng8 13. Bg2 dxe5 14. d5 Bc8 15.
fxe5 Nd7 16. e6 fxe6 17. dxe6 Nc5 18. Qc2 Nxe6 19. O-O-O Nf6 20. Kb1 O-O 21.
Rhe1 Kh8 22. Bh6 Qc7 23. Bxg7+ Nxg7 24. Qe2 e6 25. Qe5 Qxe5 26. Nxe5 Kg8 27.
Rd4 Rb8 28. Red1 Nfe8 29. Rd8 Nc7 30. Rxf8+ Kxf8 31. Nd7+ Bxd7 32. Rxd7 Nge8
33. Rxh7 Kg8 34. Rd7 b5 35. b4 Rb6 36. Ne4 Nd5 37. a3 Ndf6 38. Rd8 Kf7 39. g5
Nxe4 40. Bxe4 1/2-1/2

[Event "LLWestMV2014-15"]
[Site "?"]
[Date "2015.01.18"]
[Round "5.2"]
[White "Blume, Christian"]
[Black "Schmidt, Joerg"]
[Result "1/2-1/2"]
[WhiteElo "1808"]
[BlackElo "1917"]
[PlyCount "30"]
[EventType "team-tourn"]
[EventRounds "9"]
[WhiteTeam "Putlitzer SV"]
[BlackTeam "SV Malchower Schachinsel"]

1. c4 c5 2. Nc3 Nc6 3. g3 g6 4. Bg2 Bg7 5. d3 Nf6 6. e4 d6 7. Nge2 O-O 8. O-O
e6 9. h3 a6 10. a3 Rb8 11. Rb1 b5 12. cxb5 axb5 13. b4 cxb4 14. axb4 d5 15.
exd5 Nxd5 1/2-1/2

[Event "LLWestMV2014-15"]
[Site "?"]
[Date "2015.01.18"]
[Round "5.3"]
[White "Kuehn, Peter"]
[Black "Vieten, Florian"]
[Result "1-0"]
[WhiteElo "1835"]
[BlackElo "1675"]
[PlyCount "57"]
[EventType "team-tourn"]
[EventRounds "9"]
[WhiteTeam "SV Malchower Schachinsel"]
[BlackTeam "Putlitzer SV"]

1. e4 d5 2. exd5 Nf6 3. d4 Nxd5 4. c4 Nf6 5. Nf3 Bf5 6. Nc3 e6 7. Be2 Be7 8.
Qb3 Nc6 9. Qxb7 Nb4 10. O-O Nc2 11. Qc6+ Kf8 12. Bf4 Nxa1 13. Rxa1 Bd6 14. Ne5
Qe8 15. Qa6 Nd7 16. Bf3 Bxe5 17. dxe5 Qc8 18. Qa3+ c5 19. Bxa8 Qxa8 20. Rd1 Ke7
21. b4 Qc6 22. Rd6 cxb4 23. Qxb4 Rb8 24. Rxd7+ Kxd7 25. Qxb8 Qxc4 26. Qxa7+ Ke8
27. Qe3 Qb4 28. h3 Bb1 29. Qc1 1-0

[Event "LLWestMV2014-15"]
[Site "?"]
[Date "2015.01.18"]
[Round "5.4"]
[White "Oelke, Bernd"]
[Black "Hertel-Mach, Frank"]
[Result "1/2-1/2"]
[WhiteElo "1774"]
[BlackElo "1806"]
[PlyCount "44"]
[EventType "team-tourn"]
[EventRounds "9"]
[WhiteTeam "Putlitzer SV"]
[BlackTeam "SV Malchower Schachinsel"]

1. d4 f5 2. Nf3 Nf6 3. g3 b6 4. Bg2 Bb7 5. O-O e6 6. Bg5 Be7 7. Nbd2 O-O 8. c3
h6 9. Bxf6 Bxf6 10. Qc2 d5 11. Rac1 Nd7 12. c4 Rc8 13. e3 c5 14. Qb3 cxd4 15.
Nxd4 Nc5 16. Qa3 Be7 17. b4 e5 18. bxc5 exd4 19. exd4 bxc5 20. Qxa7 Bc6 21.
Rfe1 Re8 22. dxc5 dxc4 1/2-1/2

[Event "LLWestMV2014-15"]
[Site "?"]
[Date "2015.01.18"]
[Round "5.5"]
[White "Schmidt, Robert"]
[Black "Philipp, Daniel"]
[Result "1/2-1/2"]
[WhiteElo "1698"]
[BlackElo "1611"]
[PlyCount "35"]
[EventType "team-tourn"]
[EventRounds "9"]
[WhiteTeam "SV Malchower Schachinsel"]
[BlackTeam "Putlitzer SV"]

1. Nf3 e6 2. b3 d5 3. Bb2 Nd7 4. e3 Ngf6 5. c4 a6 6. Be2 dxc4 7. bxc4 Be7 8.
O-O O-O 9. d3 b6 10. Nd4 Bb7 11. Bf3 Bxf3 12. gxf3 Ne5 13. f4 Ng6 14. Nc6 Qd7
15. Ne5 Nxe5 16. fxe5 Ne8 17. Qf3 Rb8 18. d4 1/2-1/2